Statistics for Word Chain – Australian Birds

Click here to take the quiz!

General Stats

  • This quiz has been taken 11 times
  • The average score is 10 of 20

Answer Stats

HintAnswer% Correct
Tiny bird named for its long, filamentous tail feathersEmu-wren
78%
Nocturnal bird related to swiftsNightjar
78%
Familiar acrobatic parrotLorikeet
67%
Powerful, barking, or sooty, for exampleOwl
67%
Large, brightly coloured parrotRosella
67%
Also known as the snakebird due to its long, thin neckDarter
56%
Glossy black bird with a long, distinctive tailDrongo
56%
Australia has 3 contrasting species of this waterbirdGrebe
56%
Gregarious mud-nesterApostlebird
44%
Only species of roller found in AustraliaDollarbird
44%
Distinctive plover common in cities of eastern AustraliaLapwing
44%
Bird known for its expert mimicryLyrebird
44%
One of the only types of bird of paradise in AustraliaRiflebird
44%
Small plover widespread across the countryDotterel
33%
Strongly sexually dimorphic cuckooKoel
33%
Type of tern with uniform dark plumageNoddy
33%
Two species of this plump brown bird occur in northern AustraliaRock-Pigeon
33%
Large duck with striking markingsShelduck
33%
Passerine bird named for its distinctive callTriller
33%
Shorebird vagrant to AustraliaYellowlegs
33%

Score Distribution

Percentile by Number Answered

Percent of People with Each Score

Your Score History

You have not taken this quiz